Raphael and France : (Record no. 22053)

000 -LEADER
fixed length control field 01179cam a2200301 a 4500
001 - CONTROL NUMBER
control field 1107567
005 - DATE AND TIME OF LATEST TRANSACTION
control field 20170123120313.0
008 - FIXED-LENGTH DATA ELEMENTS--GENERAL INFORMATION
fixed length control field 930805s1995 paua b 001 0 eng
010 ## - LIBRARY OF CONGRESS CONTROL NUMBER
LC control number 93030505
020 ## - INTERNATIONAL STANDARD BOOK NUMBER
International Standard Book Number 0271013001 (acidfree paper)
043 ## - GEOGRAPHIC AREA CODE
Geographic area code e-fr---
050 00 - LIBRARY OF CONGRESS CALL NUMBER
Classification number N7432.5 .C6R67 1995
100 1# - MAIN ENTRY--PERSONAL NAME
Personal name Rosenberg, Martin,
Dates associated with a name 1951-
245 10 - TITLE STATEMENT
Title Raphael and France :
Remainder of title the artist as paradigm and symbol /
Statement of responsibility, etc. Martin Rosenberg.
260 ## - PUBLICATION, DISTRIBUTION, ETC. (IMPRINT)
Place of publication, distribution, etc. University Park, Pa. :
Name of publisher, distributor, etc. Pennsylvania State University Press,
Date of publication, distribution, etc. c1995.
300 ## - PHYSICAL DESCRIPTION
Extent xii, 226 p. :
Other physical details ill. ;
Dimensions 29 cm.
504 ## - BIBLIOGRAPHY, ETC. NOTE
Bibliography, etc Includes bibliographical references (p. [209]-221) and index.
600 00 - SUBJECT ADDED ENTRY--PERSONAL NAME
Personal name Raphael,
Dates associated with a name 1483-1520
General subdivision Influence.
650 #0 - SUBJECT ADDED ENTRY--TOPICAL TERM
Topical term or geographic name as entry element Classicism in art
Geographic subdivision France.
650 #0 - SUBJECT ADDED ENTRY--TOPICAL TERM
Topical term or geographic name as entry element Art, French.
942 ## - ADDED ENTRY ELEMENTS (KOHA)
Source of classification or shelving scheme
Koha item type Hard Covered Materials
Holdings
Withdrawn status Lost status Source of classification or shelving scheme Damaged status Not for loan Home library Current library Shelving location Date acquired Source of acquisition Total Checkouts Full call number Barcode Date last seen Price effective from Koha item type
          MACHAKOS UNIVERSITY LIBRARY MACHAKOS UNIVERSITY LIBRARY Technical section 23/01/2017 Donation(BFA)   N7432.5 .C6R67 1995 31719 08/06/2018 23/01/2017 Hard Covered Materials
© Machakos University Library, Along The Highway, Machakos Wote Rd, Machakos, Kenya P.O. Box 136 - 90100 Machakos - Kenya

Tel: ( +254 ) 723 805829 OR Fax : 044-20353 OR Email: library@mksu.ac.ke